Intercommunalité des Hautes-Alpes - Statistiques

Statistiques générales
  • Ce quiz a été pris 26 fois
  • Le résultat moyen est 4 sur 8
Statistiques - réponses
Nombres de communes Intercommunalités % Correct
17 (dont 2 dans les Alpes-de-Haute-Provence) Communauté d'Agglomération de Gap-Tallard-Durance
100%
13 Communauté de Communes du Briançonnais
91%
17 (dont 1 dans les Alpes-de-Haute-Provence) Communauté de Communes de Serre-Ponçon
68%
20 Communauté de Communes de Buëch Dévoluy
55%
15 Communauté de Communes de Guillestrois et Queyras
45%
25 Communauté de Communes de Champsaur-Valgaudemar
41%
8 Communauté de Communes du Pays des Écrins
23%
16 (dont 2 dans les Alpes-de-Haute-Provence) Communauté de Communes de Serre-Ponçon Val d'Avance
14%
Aucun quiz correspondant
Distribution des résultats
% des personnes avec chaque résultat
Percentile par nombre de réponses
Votre historique - résultats
Vous n’avez pas pris ce quiz